Statistics for Cat Breeds

Click here to take the quiz!

General Stats

  • This quiz has been taken 3 times
  • The average score is 10 of 16

Answer Stats

Answer% Correct
American Shorthair
100%
British Shorthair
100%
Maine Coon
100%
Persian
100%
Russian Blue
100%
Abyssinian
50%
Bengal
50%
Black
50%
Exotic Shorthair
50%
Norwegian Forest
50%
Ragdoll
50%
Scottish Fold
50%
Siamese
50%
Sphynx
50%
Chartreux
0%
Tortoise Shell
0%

Score Distribution

Percentile by Number Answered

Percent of People with Each Score

Your Score History

You have not taken this quiz